000 00616nam a2200253Ia 4500
003 OSt
005 20140425133039.0
008 140130s9999 xx 000 0 und d
020 _a0590254898
050 _aPZ 7
_b.Al3984My 1995
100 _aAlistir, K.A.
245 _cK.A. Alistir.
_aMy ponies /
260 _bScholastic Inc.,
_cc1996.
_aUSA :
300 _a30 p. :
_bcol. ill. ;
_c23 cm.
440 _v1
521 _aG1
526 _c170
650 _aPonies
_xFiction.
650 _aImagination
_xFiction.
650 _aStories in rhyme.
942 _cBK
_2lcc
999 _c39911
_d39911